000 02588cam a2200301 4500500
005 20260208003609.0
041 _afre
042 _adc
100 1 0 _aAznar-Berko, Marina
_eauthor
245 0 0 _aFigures adolescentes en exil. De l’adolescence suspendue à l’adolescence contestée
260 _c2021.
500 _a49
520 _aExposés à des violences extrêmes au cours de leur parcours migratoire, les adolescents exilés ont dû affronter une position de solitude, parfois associée à un saut dans le vide, au risque de se retrouver hors du monde. Ces expériences ont engendré une effraction des contenants intrapsychique, intersubjectif et transsubjectif et une panne du travail d’historisation. Le temps psychique de l’adolescence est alors suspendu, écrasé, laissant comme un trou entre l’enfance et l’âge adulte, empêchant le sujet d’occuper des positions identificatoires dans une dialectique entre permanence et changement. Le groupe à médiation photolangage est envisagé comme un dispositif favorisant la figuration des traumatismes et la réhumanisation du lien à l’Autre humain adulte, en s’appuyant sur le groupe comme figure secourable.
520 _aExposed to extreme violence during their migration journey, exiled adolescents have had to face a position of solitude, sometimes accompanied by a leap into the void, at the risk of finding themselves outside the world. These experiences result in a break-in of intrapsychic, intersubjective, and transsubjective containers, and a breakdown of the work of historization. The psychic time of adolescence is then suspended, crushed, leaving a hole between childhood and adulthood, preventing the subject from occupying identificatory positions in a dialectic between permanence and change. Photolanguage groups are envisaged as a device promoting the figuration of trauma and the re-humanization of the link to the adult human Other, relying on the group as a helping figure.
690 _aAdolescence
690 _acontrat narcissique
690 _aexil
690 _agroupe à médiation photolangage
690 _asurvivance psychique
690 _atravail d’historisation
690 _aAdolescence
690 _anarcissistic contract
690 _aphotolanguage group
690 _apsychic survival
690 _awork of historization
786 0 _nNouvelle revue de psychosociologie | 31 | 1 | 2021-05-28 | p. 65-80 | 1951-9532
856 4 1 _uhttps://shs.cairn.info/revue-nouvelle-revue-de-psychosociologie-2021-1-page-65?lang=fr&redirect-ssocas=7080
999 _c1648436
_d1648436